Imm's general textbook of entomology.V 2. Classification and biology. (Record no. 35941)

MARC details
000 -LEADER
fixed length control field 00397nam a2200145Ia 4500
082 ## - DEWEY DECIMAL CLASSIFICATION NUMBER
Classification number 595.7
Item number RIC.2
100 ## - MAIN ENTRY--AUTHOR NAME
Personal name DAVIES, R G
245 #0 - TITLE STATEMENT
Title Imm's general textbook of entomology.V 2. Classification and biology.
250 ## - EDITION STATEMENT
Edition statement Ed.10
260 ## - PUBLICATION, DISTRIBUTION, ETC. (IMPRINT)
Place of publication London
Name of publisher Chapman and Hall
Year of publication 1977
650 ## - SUBJECT ADDED ENTRY--TOPICAL TERM
Topical Term Entomology
700 ## - ADDED ENTRY--PERSONAL NAME
Personal name RICHARDS, O W
942 ## - ADDED ENTRY ELEMENTS (KOHA)
Koha item type Books
Holdings
Withdrawn status Lost status Damaged status Not for loan Home library Current library Date acquired Full call number Accession Number Koha item type
        RRII Library RRII Library 16/12/2021 595.7 RIC.2 16359 Books